00813nam a2200229 a 4500001000800000005001700008008004100025020001500066040001600081050002400097100001900121245005500140260004000195300005100235440006300286500006400349504003100413650005100444650005700495653001100552700002000563BRCA_2720190320202841.0960808s1996 enka---##b---#001-0#eng-d a0750624485 aUkcUkdDLC 4aNK5104.5b.N49 19961 aNewton, Roy G.10aConservation of GlasscRoy Newton, Sandra Davison. aBostonbButterworth-Heinemannc1996 axiii, 318 p.bil., [2] p. de láminasc25 cm. 0aButterworth-Heinemann Series in Conservation and Museology aIncluye índice temático, índice de nombres y glosario aBibliografía: p. 284-30514aCristaleríaxConservación y restauración14aVitrales medievalesxConservación y restauración0 aVidrio1 aDavison, Sandra